Magical arrows : the Maori, the Greeks and the folklore of the universe
Αποθηκεύτηκε σε:
| Κύριος συγγραφέας: | |
|---|---|
| Μορφή: | Βιβλίο |
| Γλώσσα: | English |
| Δημοσίευση: |
Wisconsin :
University of Wisconsin Press,
c1992
|
| Σειρά: | New directions in anthropological writing
|
| Θέματα: | |
| Ετικέτες: |
Προσθήκη ετικέτας
Δεν υπάρχουν, Καταχωρήστε ετικέτα πρώτοι!
|
MARC
| LEADER | 00000nam a2200000 i 4500 | ||
|---|---|---|---|
| 001 | 1/90451 | ||
| 008 | 990927s1992 eng d | ||
| 020 | |a 0-299-13234-X | ||
| 035 | |l 10053109 | ||
| 040 | |a GR-MY-UA |b gre |e aacr | ||
| 041 | 0 | |a eng | |
| 082 | 0 | |a 113.09 | |
| 100 | 1 | |a Schrempp, Gregory Allen |d 1950- | |
| 245 | 1 | 0 | |a Magical arrows : |b the Maori, the Greeks and the folklore of the universe / |c Gregory Schrempp; foreword by Marshall Sahlins |
| 260 | |a Wisconsin : |b University of Wisconsin Press, |c c1992 | ||
| 300 | |a 217 p. | ||
| 490 | 1 | |a New directions in anthropological writing | |
| 504 | |a Includes bibliographical references and index | ||
| 600 | 1 | 0 | |a Ζήνων ο Ελεάτης, |d π. 490-430. |
| 650 | 0 | 0 | |a Cosmology. |
| 650 | 0 | 0 | |a Cosmology, Ancient. |
| 650 | 0 | 0 | |a Mythology, Maori. |
| 650 | 0 | 0 | |a Maori (New Zealand people) |x Social life and customs. |
| 830 | 0 | |a New directions in anthropological writing | |
| 852 | |a INST |b LESVOS |e 19990927 |h 113.09 SCH |p 005100019347 |q 005100019347 |t BK |y 0 | ||
| 901 | |a BIBL1-1999-3 | ||
| 909 | |a Λ |b 066491 | ||
| 922 | |a 1ΕΛΗ |b 199906 |c ΚΠΣ/ΤΚΑ |d ΠΑΠΑΣΩΤΗΡΙΟΥ | ||
| 950 | |a 117-1998-07-12 | ||
| 970 | |a ΤΖΑΦΕΡΗ |b ΕΥΑΓΓΕΛΙΑ |z 1999/10/04 | ||